| 000 | 00468ntaaa2200193 4500 | ||
|---|---|---|---|
| 003 | 01 | ||
| 005 | 20251027202757.0 | ||
| 008 | 0714s1973 ag 01 | ||
| 040 |
_aAR-BaBN _bspa _cAR-BaBN _eaacr _dRIC |
||
| 082 | _a811.0000 On2 | ||
| 100 |
_aO'Neal, Carl Monroe _927984 |
||
| 245 | _aNew acres of diamonds | ||
| 250 | _a1 ed. | ||
| 260 |
_aTampa : _bTribune Press, _cc1936 |
||
| 300 | _a32 p | ||
| 650 |
_apoesÃas _916354 |
||
| 650 |
_aliteratura _99973 |
||
| 942 | _cBK | ||
| 999 |
_c23078 _d23078 |
||